000 00514 a2200169 4500
999 _c5020
_d5020
010 _aENG-86695
020 _a8131301974
_c695.00
035 _aEN-70228
037 _bDBAD / PUB
082 1 4 _a363.2
100 _aGhosh, Gautam
245 1 _aPolice accountability at the cutting edge level /
_cby Gautam Ghosh
260 _aNew Delhi
_bA.P.H. Publishing
_c2007
270 _a5, Ansari Road, Darya Ganj
_bNew Delhi
_e110 002
300 _axi, 288p
_c23cm (Hb)
942 _adpl
_cEN
_2ddc
_h363.2
_mGHO